01008nam a2200277 a 4500001001000000003000400010005001700014008004100031040002500072082001900097100003500116245007800151260004500229300002100274490001500295590002700310650002400337650003800361700003600399830002100435910001500456942001300471952011500484952011400599999001700713000021674OSt20201002031105.0100909s1989 cu r 000 f spa d aDO-SdBNPbspacBNPHU aCu863.42bE32a1 aEguren, Gustavo,d1925-94509410aEl aire entre los dedos /cGustavo Eguren ; edición Dulce M. Sotolongo. aLa Haban, Cuba :bLetras Cubanas,c1989. a106 p. ;c18 cm.1 aGiraldilla aInventariado, 2020/ YL 4aNovela cubana92316 4aLiteratura cubanaySIGLO XX991861 aSotolongo, Dulce M.eed.945095 0aGiraldilla98904 aEn proceso 2ddccLF1 00102ddc718MOaGRbGRcCTd2010-09-09eObsequioiLF1l0oCu863.42 E32ap21674-10r2020-06-25w2020-06-25y4 00112ddc50718MOaGRbGRcMId2017-04-11iLF1l0oCu863.42 E32ap21674-20r2020-06-25te. 2w2020-06-25y1 c21173d21173